Badanie spoiny z zywicy mocznikowo - melaminowo - furfuralowo - formaldehydovej /F2-M2/ w funkcji temperatury klejenia i czasu prasowania oraz gatunku klejonego drewna

Bibliographic Details
Main Authors: Starecki, Andrzej (Author), Gos, Barbara (Author)
Format: Article
Language:Polish
PhysicalDescription:Tb. 7. Res. slov., rus., angl., lit. 6 zázn. v ruš., poľ.
Subjects:

MARC

LEADER 00000nab a2200000 a 4500
001 vtls000366815
003 SK-MaSNL
005 20260319075139.0
008 160204c1987 xo 0 pol
015 |a SNBRA19rr/mm-uuuuu 
035 |a CL0366937 
040 |a SNKBUCL  |b slo  |c SNKBUCL  |e AACR2 
041 0 |a pol 
044 |a xo  |c SK 
080 |a 674.049.2:665.93/.94  |2 1981 
080 |a 665.93/.94  |2 1981 
100 1 |a Starecki, Andrzej  |4 aut  |9 786560 
245 1 0 |a Badanie spoiny z zywicy mocznikowo - melaminowo - furfuralowo - formaldehydovej /F2-M2/ w funkcji temperatury klejenia i czasu prasowania oraz gatunku klejonego drewna  |c Andrzej Starecki, Barbara Gos 
300 |b Tb. 7. Res. slov., rus., angl., lit. 6 zázn. v ruš., poľ. 
650 0 7 |a materiály drevené  |2 snkbucl  |9 945782 
650 0 7 |a lepidlá  |2 snkbucl  |9 3612 
655 7 |a články zo zborníkov  |2 snkbucl  |9 166140 
700 1 |a Gos, Barbara  |4 aut  |9 786529 
773 0 |t Pokroky vo výrobe a použití lepidiel v drevopriemysle  |d Zvolen : ČSVTS pri VŠLD, 1987  |g S. 219-232 
850 |a Slovenská národná knižnica v Martine  |a MTA001 
852 |a SNK  |b KIS3GCP 
958 |a NB 
958 |a RK 
958 |a PL 
992 |a RZB 
999 |c 1537821  |d 1539751